00555nam a22001817a 4500003000900000005001700009008004100026040003300067041000800100080001100108100002500119245007200144300002300216650001200239942000700251952009600258999001900354LK-CoDNM20241220140049.0241220b |||||||| |||| 00| 0 eng d aLK-CoDNMdLK-CoDNMeLK-CoDNM aeng a2bR20 aW.A. Herdman, F.R.S. aReport on the pearl oyster fisheries of the gulf of Mannar - Part V b42p. : ill ; 28 cm aScience cBK 001041708SCIaMAINbMAINcREFd2024-12-20l0o2 R20pOS315-1r2024-12-20w2024-12-20yBK c233850d233850